Normal view
MARC view
- قانون مدني - القضاء - تاريخ - الجزيرة العربية
Entry Topical Term
001 - CONTROL NUMBER
- control field: 46480
003 - CONTROL NUMBER IDENTIFIER
- control field: JO-AjAnu
005 - DATE AND TIME OF LATEST TRANSACTION
- control field: 20230606081700.0
008 - FIXED-LENGTH DATA ELEMENTS
- fixed length control field: 230606|| aca||aabn | a|a d
040 ## - CATALOGING SOURCE
- Original cataloging agency: JO-AjAnu
- Transcribing agency: JO-AjAnu
150 ## - HEADING--TOPICAL TERM
- Topical term or geographic name entry element: قانون مدني - القضاء - تاريخ - الجزيرة العربية
670 ## - SOURCE DATA FOUND
- Source citation: Work cat.: (JO-AjAnu)23791: تاليف اللصاصمة، حسن حرب, author 46479, الفكر القضائي العربي وسط الجزيرة العربية قبل الاسلام = Arabic Judicial Thought in The Middle of The Arabian Island Before Islam